Loading...
| Beliefs | 4 | 7.50 | 75% | 0% | 0% |
| Current Events | 1 | 10.00 | 100% | 0% | 0% |
| History - American History | 2 | 10.00 | 100% | 0% | 0% |
| History - World History | 2 | 0.00 | 0% | 0% | 0% |
| Literature - American Literature | 1 | 10.00 | 100% | 0% | 0% |
| Literature - British Literature | 1 | 0.00 | 0% | 0% | 0% |
| Literature - European Literature | 2 | 5.00 | 50% | 0% | 0% |
| Literature - World Literature | 1 | 0.00 | 0% | 0% | 0% |
| Science - Chemistry | 1 | 0.00 | 0% | 0% | 0% |
| Science - Other Science | 2 | 10.00 | 100% | 0% | 0% |
| Science - Physics | 2 | 10.00 | 50% | 50% | 0% |
| Social Science | 1 | 10.00 | 100% | 0% | 0% |
| Visual Arts | 1 | 0.00 | 0% | 0% | 0% |